[Event "Festival INGEM - PLZEŇ 2012"]
[Site "Plzeň (Česká republika)"]
[Date "2012.08.22"]
[Round "6.10"]
[White "Saez Coma, Alejandro"]
[Black "Chalus, Karel"]
[Result "0-1"]
[WhiteElo "1906"]
[BlackElo "2049"]
[PlyCount "120"]
[EventDate "2012.08.18"]
[Source "ChessBase"]
[SourceDate "1996.11.15"]

1. d4 Nf6 2. Nf3 g6 3. Bf4 d6 4. Nc3 Bg7 5. Qd2 O-O 6. Bh6 c6 7. h4 Qa5 8. Bxg7
Kxg7 9. e4 h5 10. Bd3 e5 11. Ne2 Qxd2+ 12. Nxd2 Nbd7 13. O-O-O d5 14. exd5 Nxd5
15. Be4 N5f6 16. f3 exd4 17. Nxd4 Nc5 18. Rde1 Re8 19. Re2 Nfxe4 20. Nxe4 Nxe4
21. Rhe1 Bd7 22. Rxe4 Kf6 23. Kd2 Rxe4 24. Rxe4 c5 25. Nb3 Bf5 26. Ra4 b6 27.
g4 Be6 28. Rf4+ Ke5 29. Re4+ Kd6 30. gxh5 gxh5 31. Nc1 Rg8 32. b3 Rg2+ 33. Ne2
Bf5 34. Rf4 Ke5 35. Ra4 a5 36. c3 Rh2 37. Ke3 Bb1 38. Kd2 f5 39. Ke3 Rg2 40.
Nc1 Rc2 41. Nd3+ Kf6 42. Nf4 Rxc3+ 43. Ke2 Rc2+ 44. Kd1 Ke5 45. Nxh5 Rh2 46.
f4+ Ke6 47. Ng7+ Kf7 48. Kc1 Bd3 49. Nh5 Bb5 50. Ra3 Rxh4 51. Ng3 Kg6 52. Kd2
Rh3 53. b4 axb4 54. Re3 Bc4 55. a3 b3 56. Kc3 Bf7 57. Nxf5 Rh2 58. Ne7+ Kf6 59.
Re1 Rc2+ 60. Kd3 Bc4+ 0-1

[Event "Festival INGEM - PLZEŇ 2012"]
[Site "Plzeň (Česká republika)"]
[Date "2012.08.22"]
[Round "6.11"]
[White "Hollan, Martin"]
[Black "Sladek, Jaroslav"]
[Result "1/2-1/2"]
[WhiteElo "1670"]
[BlackElo "2011"]
[PlyCount "40"]
[EventDate "2012.08.18"]
[Source "ChessBase"]
[SourceDate "1996.11.15"]

1. c4 e6 2. Nc3 d5 3. d4 c5 4. e3 Nf6 5. Nf3 a6 6. a4 Nc6 7. cxd5 exd5 8. Be2
Bd6 9. O-O O-O 10. dxc5 Bxc5 11. Nd4 Ne4 12. Bf3 Qb6 13. a5 Qa7 14. Nce2 Bd7
15. Kh1 Rfe8 16. Nxc6 bxc6 17. Nd4 Rab8 18. Ra4 Bb4 19. Nc2 Bc5 20. Nd4 Rb7
1/2-1/2

[Event "Festival INGEM - PLZEŇ 2012"]
[Site "Plzeň (Česká republika)"]
[Date "2012.08.22"]
[Round "6.13"]
[White "Vecera, Petr"]
[Black "Hajek, Jiri"]
[Result "1-0"]
[WhiteElo "1986"]
[BlackElo "1874"]
[PlyCount "149"]
[EventDate "2012.08.18"]
[Source "ChessBase"]
[SourceDate "1996.11.15"]

1. e4 d5 2. exd5 Nf6 3. d4 Nxd5 4. c3 Nc6 5. Nf3 Bg4 6. Bb5 e6 7. Qa4 Nde7 8.
Ne5 Qd5 9. f3 Bf5 10. c4 Qd8 11. Bxc6+ bxc6 12. Nxc6 Qd7 13. d5 exd5 14. cxd5
Nxd5 15. Qc4 Nb6 16. Qe2+ Be6 17. Ne5 Bb4+ 18. Bd2 Bxd2+ 19. Qxd2 Qb5 20. Qc3
O-O 21. Na3 Qd5 22. O-O Na4 23. Qe3 Nxb2 24. Rfc1 Rac8 25. Nc6 Qd7 26. Qc3 Nc4
27. Nxa7 Ra8 28. Nxc4 Bxc4 29. Qxc4 Rxa7 30. Rd1 Qa4 31. Qxa4 Rxa4 32. Rd7 Ra7
33. a4 Rfa8 34. Kf2 Kf8 35. Rd4 Ra5 36. Ke3 Ke7 37. Kd3 Ke6 38. Kc3 Rh5 39.
Re1+ Kf6 40. h3 Rg5 41. g4 Rga5 42. Ree4 R8a6 43. h4 h6 44. Rf4+ Ke7 45. Rde4+
Kf8 46. Rb4 Ra7 47. Kb3 Ke7 48. Rfe4+ Kf6 49. Rb8 g5 50. h5 R7a6 51. Rh8 Kg7
52. Rc8 Rb6+ 53. Rb4 Rf6 54. Rxc7 Rxf3+ 55. Rc3 Rxc3+ 56. Kxc3 f5 57. Rb7+ Kf6
58. Rb6+ Kf7 59. Kb4 Re5 60. gxf5 g4 61. a5 g3 62. Rg6 Rxf5 63. a6 Rf4+ 64. Kb5
Rf5+ 65. Kb6 Rxh5 66. Rxg3 Rh1 67. Ra3 Rb1+ 68. Ka5 Rb8 69. a7 Ra8 70. Kb6 h5
71. Kb7 Rxa7+ 72. Kxa7 Kf6 73. Ra5 Kg6 74. Rb5 h4 75. Ka6 1-0

[Event "Festival INGEM - PLZEŇ 2012"]
[Site "Plzeň (Česká republika)"]
[Date "2012.08.22"]
[Round "6.14"]
[White "Vorobyov, Yrij"]
[Black "Spacek, Jan"]
[Result "1/2-1/2"]
[WhiteElo "2254"]
[BlackElo "1762"]
[PlyCount "92"]
[EventDate "2012.08.18"]
[Source "ChessBase"]
[SourceDate "1996.11.15"]

1. Nf3 Nf6 2. c4 e6 3. g3 d5 4. b3 Be7 5. Bg2 O-O 6. O-O c5 7. cxd5 exd5 8. d4
Be6 9. dxc5 Bxc5 10. Bb2 Ne4 11. Nc3 Qb6 12. Nxe4 dxe4 13. Ng5 f5 14. Nxe6 Qxe6
15. Rc1 Bb6 16. Rc4 Nc6 17. Qa1 Rf7 18. Rfc1 Re7 19. e3 Ne5 20. Bxe5 Qxe5 21.
Qxe5 Rxe5 22. Bf1 g6 23. Rc8+ Rxc8 24. Rxc8+ Kg7 25. Bc4 Re7 26. h4 Rc7 27. Rd8
Ba5 28. Rd5 Bc3 29. Kg2 b6 30. h5 Kh6 31. hxg6 hxg6 32. a4 Kg5 33. f4+ exf3+
34. Kxf3 Kf6 35. g4 fxg4+ 36. Kxg4 Re7 37. Kf3 Be5 38. Rd8 Rg7 39. Ke4 Bb2 40.
Rf8+ Ke7 41. Rf2 Bc3 42. Kd5 Bb4 43. e4 g5 44. e5 g4 45. Bf1 g3 46. Rc2 Bc5
1/2-1/2

[Event "Festival INGEM - PLZEŇ 2012"]
[Site "Plzeň (Česká republika)"]
[Date "2012.08.22"]
[Round "6.15"]
[White "Hercik, Josef"]
[Black "Novy, Jan"]
[Result "1-0"]
[WhiteElo "1935"]
[BlackElo "1723"]
[PlyCount "81"]
[EventDate "2012.08.18"]
[Source "ChessBase"]
[SourceDate "1996.11.15"]

1. d4 Nf6 2. Nf3 d6 3. c4 g6 4. Nc3 Bg7 5. Bg5 O-O 6. e3 c6 7. Bd3 Nbd7 8. O-O
Qc7 9. Rc1 a6 10. a3 e5 11. b4 Re8 12. Qc2 Qb8 13. d5 c5 14. e4 b5 15. cxb5
axb5 16. Nxb5 Ba6 17. a4 Rc8 18. Qd2 cxb4 19. Rxc8+ Bxc8 20. Qxb4 Nc5 21. Bc2
Nfd7 22. Be7 Bf8 23. Bxf8 Kxf8 24. Rb1 Qb6 25. Nd2 Nb7 26. Nc4 Qc5 27. Nbxd6
Nxd6 28. Nxd6 Qxc2 29. Nxc8+ Kg7 30. Nd6 Rxa4 31. Qe1 Nf6 32. Rc1 Qb2 33. h3
Ra2 34. Rb1 Qc2 35. Rb7 Kh6 36. Qe3+ Kg7 37. Rxf7+ Kg8 38. Rxf6 Ra1+ 39. Kh2
Qd1 40. Qf3 Qh1+ 41. Kg3 1-0

[Event "Festival INGEM - PLZEŇ 2012"]
[Site "Plzeň (Česká republika)"]
[Date "2012.08.22"]
[Round "6.16"]
[White "Berka, Lubos"]
[Black "Kejzlar, Lubos"]
[Result "0-1"]
[WhiteElo "1862"]
[BlackElo "1920"]
[PlyCount "52"]
[EventDate "2012.08.18"]
[Source "ChessBase"]
[SourceDate "1996.11.15"]

1. e4 d6 2. d4 Nf6 3. Nc3 g6 4. Nf3 Bg7 5. h3 O-O 6. Be3 Nbd7 7. Qd2 c5 8. d5
a6 9. Bh6 b5 10. Bxg7 Kxg7 11. g4 Ne5 12. Nxe5 dxe5 13. f4 exf4 14. Qxf4 Qd6
15. Qxd6 exd6 16. g5 Nxe4 17. Nxe4 Re8 18. Bg2 Bf5 19. Kd2 Bxe4 20. Bxe4 Rxe4
21. Rad1 Rae8 22. Rhf1 R8e5 23. Rf6 Rxd5+ 24. Kc1 Rxd1+ 25. Kxd1 Rd4+ 26. Ke2
Kf8 0-1

[Event "Festival INGEM - PLZEŇ 2012"]
[Site "Plzeň (Česká republika)"]
[Date "2012.08.22"]
[Round "6.17"]
[White "Hollan, Petr"]
[Black "Maly, Antonin"]
[Result "1/2-1/2"]
[WhiteElo "1718"]
[BlackElo "1847"]
[PlyCount "80"]
[EventDate "2012.08.18"]
[Source "ChessBase"]
[SourceDate "1996.11.15"]

1. e4 c6 2. d4 g6 3. Nf3 Bg7 4. c3 d5 5. exd5 cxd5 6. Bd3 Nc6 7. Bf4 Nf6 8.
Nbd2 O-O 9. O-O Nh5 10. Bg3 Nxg3 11. fxg3 e5 12. dxe5 Nxe5 13. Nxe5 Bxe5 14.
Kh1 Qb6 15. Qc2 Be6 16. Nf3 Bg7 17. Ng5 Rae8 18. Nf3 Rc8 19. Qb3 Qe3 20. Rad1
d4 21. c4 b5 22. Qxb5 Rb8 23. Qa4 Rxb2 24. Qxa7 Bg4 25. Qa3 Rf2 26. Rxf2 Qxf2
27. Rf1 Qe3 28. Qb3 Be6 29. Qc2 Ra8 30. Re1 Qh6 31. Qf2 Qh5 32. Rb1 Qa5 33. Rb2
Qc3 34. Ne1 Bh6 35. h3 Be3 36. Qe2 Qc1 37. Rb1 Qd2 38. Qxd2 Bxd2 39. Nc2 Bc3
40. a3 Rc8 1/2-1/2

[Event "Festival INGEM - PLZEŇ 2012"]
[Site "Plzeň (Česká republika)"]
[Date "2012.08.22"]
[Round "6.19"]
[White "Sura, Jaroslav"]
[Black "Hrdlicka, Vaclav"]
[Result "1-0"]
[WhiteElo "2123"]
[BlackElo "1740"]
[PlyCount "81"]
[EventDate "2012.08.18"]
[Source "ChessBase"]
[SourceDate "1996.11.15"]

1. e4 c5 2. Nc3 Nc6 3. f4 d6 4. Nf3 e6 5. g3 g6 6. d3 Bg7 7. Bg2 Nge7 8. O-O
O-O 9. Ne2 Qb6 10. c3 d5 11. e5 d4 12. Nd2 Nd5 13. Nc4 Qc7 14. a4 Rd8 15. cxd4
Nxd4 16. Nxd4 cxd4 17. b3 Bf8 18. Qe1 Nb6 19. Bd2 Nd5 20. Rc1 Qd7 21. Qf2 b6
22. Be4 Bb7 23. g4 Nb4 24. Bxb4 Bxb4 25. Bxb7 Qxb7 26. f5 exf5 27. gxf5 Qd5 28.
Qh4 Rac8 29. Qf6 Bf8 30. e6 Bg7 31. Qxf7+ Kh8 32. f6 Bh6 33. Rce1 Rf8 34. Qd7
Qg5+ 35. Kh1 Rfd8 36. Qb7 Rb8 37. e7 Rdc8 38. Qxc8+ Rxc8 39. e8=Q+ Bf8 40. Qxc8
Qd5+ 41. Re4 1-0

[Event "Festival INGEM - PLZEŇ 2012"]
[Site "Plzeň (Česká republika)"]
[Date "2012.08.22"]
[Round "6.20"]
[White "Simacek, Vaclav"]
[Black "Lorenc, David"]
[Result "1/2-1/2"]
[WhiteElo "1829"]
[BlackElo "1699"]
[PlyCount "84"]
[EventDate "2012.08.18"]
[Source "ChessBase"]
[SourceDate "1996.11.15"]

1. e4 c5 2. Nc3 Nc6 3. f4 e6 4. Nf3 Nge7 5. Be2 d5 6. exd5 Nxd5 7. Nxd5 Qxd5 8.
O-O Be7 9. d3 Bf6 10. c3 O-O 11. Ng5 Bxg5 12. Bf3 Qd6 13. fxg5 Rd8 14. Be4 g6
15. Bf4 e5 16. Bg3 Be6 17. Rf6 Qd7 18. Bxc6 bxc6 19. Bxe5 Qxd3 20. Qxd3 Rxd3
21. Rf3 Rd2 22. Rf2 Rad8 23. Bf4 Rd1+ 24. Rf1 R1d3 25. Rfe1 a6 26. Kf2 c4 27.
Re5 R8d5 28. Rae1 Kf8 29. h3 Ke8 30. R5e4 Rb5 31. R1e2 Kd7 32. Be3 Rd1 33. Rd4+
Rxd4 34. cxd4 a5 35. Bc1 Bf5 36. Re3 Rd5 37. g4 Bb1 38. Rf3 Ke8 39. Rf6 Rxd4
40. Rxc6 Bxa2 41. Ra6 Rd5 42. Be3 Bb3 1/2-1/2

[Event "Festival INGEM - PLZEŇ 2012"]
[Site "Plzeň (Česká republika)"]
[Date "2012.08.22"]
[Round "6.24"]
[White "Smrckova, Svetlana"]
[Black "Heidebreck, Rainer"]
[Result "0-1"]
[WhiteElo "1578"]
[BlackElo "1761"]
[PlyCount "124"]
[EventDate "2012.08.18"]
[Source "ChessBase"]
[SourceDate "1996.11.15"]

1. e4 g6 2. Nf3 Bg7 3. d4 c5 4. Be3 Qa5+ 5. c3 d6 6. Nbd2 Nf6 7. dxc5 Ng4 8.
Nb3 Nxe3 9. Nxa5 Nxd1 10. Rxd1 dxc5 11. Bb5+ Nd7 12. Nxb7 Rb8 13. Bxd7+ Bxd7
14. Nxc5 Bc6 15. Nd4 Bxd4 16. cxd4 Rxb2 17. O-O O-O 18. a4 e6 19. d5 exd5 20.
exd5 Ba8 21. Rfe1 Rc2 22. Ne4 Rd8 23. Nf6+ Kg7 24. Ne8+ Kf8 25. Nf6 Kg7 26. Re8
Rxe8 27. Nxe8+ Kf8 28. Nf6 Kg7 29. d6 Rc8 30. Ng4 f6 31. Kf1 Rd8 32. Re1 Rd7
33. Ne3 Kf7 34. Rd1 Ke6 35. f4 f5 36. g3 Bc6 37. a5 Rxd6 38. Re1 Bb5+ 39. Kf2
Kd7 40. h3 Rd2+ 41. Kg1 Ra2 42. Nd5 Rxa5 43. Nf6+ Kd6 44. Nxh7 Ra3 45. Kf2 a5
46. Nf8 Ra2+ 47. Ke3 Ra3+ 48. Kf2 Ra2+ 49. Ke3 a4 50. Rd1+ Kc5 51. Nxg6 Re2+
52. Kf3 a3 53. Ne5 a2 54. Nd3+ Bxd3 55. Rxd3 Re1 56. g4 fxg4+ 57. hxg4 a1=Q 58.
g5 Qa8+ 59. Kg4 Rg1+ 60. Kf5 Qf8+ 61. Ke4 Qe7+ 62. Kf3 Qe1 0-1

[Event "Festival INGEM - PLZEŇ 2012"]
[Site "Plzeň (Česká republika)"]
[Date "2012.08.22"]
[Round "6.26"]
[White "Leseticky, Vladimir"]
[Black "Wittenberger, Stefan"]
[Result "1-0"]
[WhiteElo "1647"]
[BlackElo "1601"]
[PlyCount "72"]
[EventDate "2012.08.18"]
[Source "ChessBase"]
[SourceDate "1996.11.15"]

1. e4 e5 2. Nf3 Nc6 3. Bc4 Nf6 4. d4 exd4 5. e5 Ng4 6. O-O d5 7. exd6 Qxd6 8.
Re1+ Be7 9. Bg5 f6 10. Bh4 Qb4 11. Bb3 Bf5 12. a3 Qc5 13. Nbd2 O-O-O 14. Bc4 a5
15. b4 axb4 16. axb4 Nxb4 17. Qe2 Kd7 18. Nb3 Qd6 19. Nbxd4 Nh6 20. Nxf5 Nxf5
21. Red1 Qxd1+ 22. Rxd1+ Nd6 23. Qe6+ Ke8 24. Re1 Nc6 25. Bb3 Rd7 26. Ba4 b5
27. Bxb5 Nxb5 28. Qxc6 Na7 29. Qa8+ Rd8 30. Qxa7 Kf7 31. Qxc7 Rhe8 32. Rxe7+
Rxe7 33. Qxd8 g5 34. Qxe7+ Kxe7 35. Bxg5 fxg5 36. Nxg5 h6 1-0

[Event "Festival INGEM - PLZEŇ 2012"]
[Site "Plzeň (Česká republika)"]
[Date "2012.08.22"]
[Round "6.30"]
[White "Zoubek, Vladimir"]
[Black "Kellner, Rene"]
[Result "0-1"]
[WhiteElo "1659"]
[BlackElo "1688"]
[PlyCount "62"]
[EventDate "2012.08.18"]
[Source "ChessBase"]
[SourceDate "1996.11.15"]

1. Nf3 d5 2. d4 c6 3. Nc3 Nf6 4. Bg5 Bg4 5. e3 Nbd7 6. Be2 e6 7. h3 Bf5 8. Nh4
h6 9. Nxf5 hxg5 10. Ng3 Bd6 11. Nf1 Qc7 12. Nd2 O-O-O 13. a3 Kb8 14. Rc1 e5 15.
Nb3 exd4 16. Nxd4 Ne5 17. Nf5 Bf8 18. Nd4 g4 19. h4 g3 20. f3 Nc4 21. Bxc4 dxc4
22. Qe2 Bc5 23. Qxc4 Bxd4 24. exd4 Rhe8+ 25. Kd1 Qf4 26. Ne2 Rxe2 27. Kxe2 Rxd4
28. Qc3 Nd5 29. Qxd4 Qxd4 30. Rhf1 Nf4+ 31. Ke1 Qe3+ 0-1

[Event "Festival INGEM - PLZEŇ 2012"]
[Site "Plzeň (Česká republika)"]
[Date "2012.08.23"]
[Round "7.4"]
[White "Piankov, Evgenij"]
[Black "Eretova, Jana"]
[Result "1-0"]
[WhiteElo "2338"]
[BlackElo "2087"]
[PlyCount "75"]
[EventDate "2012.08.18"]
[Source "ChessBase"]
[SourceDate "1996.11.15"]

1. d4 d6 2. Nf3 Nf6 3. Bg5 Nbd7 4. Nbd2 e5 5. dxe5 dxe5 6. e4 Bc5 7. Bc4 O-O 8.
O-O Qe7 9. Nh4 Nb6 10. Nf5 Bxf5 11. exf5 Nxc4 12. Nxc4 b5 13. Nd2 e4 14. Qe2
Rfe8 15. Nb3 e3 16. Nxc5 Qxc5 17. fxe3 Nd5 18. Rae1 f6 19. Bf4 Re4 20. Kh1 Rae8
21. Qd2 g5 22. fxg6 hxg6 23. h3 Kg7 24. Rf3 g5 25. Bg3 b4 26. Bf2 c6 27. Qd3
Nf4 28. exf4 Rxe1+ 29. Kh2 Qd5 30. Qxd5 cxd5 31. Bxe1 Rxe1 32. fxg5 fxg5 33.
Rf5 Kg6 34. Rxd5 Rb1 35. b3 Rb2 36. Ra5 Rxc2 37. Rxa7 Rb2 38. Kg3 1-0

[Event "Festival INGEM - PLZEŇ 2012"]
[Site "Plzeň (Česká republika)"]
[Date "2012.08.23"]
[Round "7.5"]
[White "Chalus, Karel"]
[Black "Michalek, Jan"]
[Result "0-1"]
[WhiteElo "2049"]
[BlackElo "2327"]
[PlyCount "64"]
[EventDate "2012.08.18"]
[Source "ChessBase"]
[SourceDate "1996.11.15"]

1. e4 c5 2. Nf3 e6 3. d3 Nc6 4. g3 d5 5. e5 Qc7 6. Bf4 Nge7 7. c3 Ng6 8. Nbd2
b6 9. d4 Nxf4 10. gxf4 g6 11. Be2 Bd7 12. a3 Bh6 13. f5 gxf5 14. Rg1 O-O-O 15.
b4 c4 16. Nf1 f6 17. b5 Na5 18. exf6 Bxb5 19. Ne5 Rdf8 20. Bh5 Rxf6 21. Qf3 Be8
22. Ng3 Nc6 23. Nxc6 Bxc6 24. a4 Rg8 25. Rg2 e5 26. Nxf5 Rgf8 27. Qh3 Bd7 28.
Bg4 Bxf5 29. Bxf5+ Kb7 30. Bc2 exd4 31. cxd4 Qe7+ 32. Kd1 Qb4 0-1

[Event "Festival INGEM - PLZEŇ 2012"]
[Site "Plzeň (Česká republika)"]
[Date "2012.08.23"]
[Round "7.6"]
[White "Fiala, Jaroslav"]
[Black "Ondrejat, Miroslav"]
[Result "1/2-1/2"]
[WhiteElo "2225"]
[BlackElo "2060"]
[PlyCount "37"]
[EventDate "2012.08.18"]
[Source "ChessBase"]
[SourceDate "1996.11.15"]

1. Nf3 Nf6 2. g3 g6 3. Bg2 Bg7 4. O-O O-O 5. c4 d6 6. d4 Nbd7 7. Nc3 e5 8. Qc2
c6 9. Rd1 Qc7 10. b3 Re8 11. e4 a5 12. dxe5 dxe5 13. Ba3 Bf8 14. Bxf8 Nxf8 15.
h3 Kg7 16. Qd2 Ne6 17. Qe3 b6 18. Na4 c5 19. Nc3 1/2-1/2

[Event "Festival INGEM - PLZEŇ 2012"]
[Site "Plzeň (Česká republika)"]
[Date "2012.08.23"]
[Round "7.7"]
[White "Mukashev, Assan"]
[Black "Palkova, Hana"]
[Result "1-0"]
[WhiteElo "2217"]
[BlackElo "1971"]
[PlyCount "91"]
[EventDate "2012.08.18"]
[Source "ChessBase"]
[SourceDate "1996.11.15"]

1. d4 d5 2. c4 e6 3. Nf3 Nf6 4. g3 c6 5. Qc2 Nbd7 6. Bg2 Be7 7. O-O O-O 8. Nbd2
b6 9. e4 dxe4 10. Nxe4 Bb7 11. Rd1 Qc8 12. Bf4 Nxe4 13. Qxe4 a5 14. Rac1 Re8
15. Ng5 Nf6 16. Qf3 Ra7 17. c5 bxc5 18. dxc5 Ba8 19. Bd6 Rd7 20. Bxe7 Rexe7 21.
Ne4 Nd5 22. Qa3 Qd8 23. Nd6 Ra7 24. Rd4 Red7 25. Ra4 Nb4 26. Bf1 Qg5 27. Qe3
Qd8 28. Nc4 Rd1 29. Rxd1 Qxd1 30. Rxa5 Rxa5 31. Nxa5 Qd8 32. Qa3 Nd5 33. Nc4
Bb7 34. Nd6 Qa8 35. Qxa8+ Bxa8 36. a3 Nc7 37. f3 Kf8 38. Kf2 Ne8 39. Nxe8 Kxe8
40. Ba6 Kd7 41. Ke3 f6 42. a4 Kc7 43. b4 Kd7 44. a5 Kc7 45. Bd3 Kb7 46. Bxh7
1-0

[Event "Festival INGEM - PLZEŇ 2012"]
[Site "Plzeň (Česká republika)"]
[Date "2012.08.23"]
[Round "7.8"]
[White "Bartos, Jan"]
[Black "Vecera, Petr"]
[Result "1/2-1/2"]
[WhiteElo "2211"]
[BlackElo "1986"]
[PlyCount "63"]
[EventDate "2012.08.18"]
[Source "ChessBase"]
[SourceDate "1996.11.15"]

1. d4 Nf6 2. Nf3 e6 3. c4 b6 4. g3 Bb7 5. Bg2 Bb4+ 6. Bd2 Bxd2+ 7. Qxd2 d6 8.
Nc3 O-O 9. O-O Ne4 10. Nxe4 Bxe4 11. Qf4 Bb7 12. e4 Nd7 13. Rad1 Qf6 14. Qxf6
Nxf6 15. e5 Nd7 16. d5 exd5 17. exd6 cxd6 18. Nd4 Nf6 19. Nf5 Rfd8 20. Ne7+ Kf8
21. Nxd5 Bxd5 22. Bxd5 Nxd5 23. Rxd5 Rac8 24. b3 Rc5 25. Rfd1 Rxd5 26. Rxd5 Ke7
27. Kf1 Rc8 28. Rd4 Rc5 29. b4 Re5 30. Rd2 d5 31. cxd5 Kd6 32. Rc2 1/2-1/2

[Event "Festival INGEM - PLZEŇ 2012"]
[Site "Plzeň (Česká republika)"]
[Date "2012.08.23"]
[Round "7.10"]
[White "Dungl, Martin"]
[Black "Hollan, Martin"]
[Result "0-1"]
[WhiteElo "1991"]
[BlackElo "1670"]
[PlyCount "64"]
[EventDate "2012.08.18"]
[Source "ChessBase"]
[SourceDate "1996.11.15"]

1. d4 Nf6 2. c4 g6 3. Nc3 Bg7 4. Nf3 O-O 5. e4 d6 6. Be2 e5 7. O-O Nc6 8. d5
Ne7 9. Ne1 Nd7 10. Be3 f5 11. f3 f4 12. Bf2 g5 13. Rc1 Ng6 14. c5 dxc5 15. b4
Rf7 16. bxc5 Bf8 17. Na4 Nf6 18. Bc4 Kh8 19. Qb3 Rg7 20. Rd1 g4 21. d6 g3 22.
hxg3 fxg3 23. Bxg3 Nh5 24. Bh2 Ngf4 25. Bxf4 Nxf4 26. d7 Bxd7 27. c6 bxc6 28.
Qb2 Qh4 29. Qxe5 Bd6 30. Rxd6 cxd6 31. Qxd6 Rag8 32. Bxg8 Ne2# 0-1

[Event "Festival INGEM - PLZEŇ 2012"]
[Site "Plzeň (Česká republika)"]
[Date "2012.08.23"]
[Round "7.11"]
[White "Kejzlar, Lubos"]
[Black "Pokorny, Jiri"]
[Result "1-0"]
[WhiteElo "1920"]
[BlackElo "1939"]
[PlyCount "121"]
[EventDate "2012.08.18"]
[Source "ChessBase"]
[SourceDate "1996.11.15"]

1. e4 c5 2. Na3 d6 3. c3 Nf6 4. f4 Nc6 5. d3 g6 6. Nf3 Bg7 7. Be2 O-O 8. O-O
Rb8 9. Bd2 b5 10. Qe1 b4 11. Nc4 d5 12. exd5 Nxd5 13. Nfe5 Nxe5 14. fxe5 Be6
15. Qg3 Qc7 16. d4 Rfd8 17. Rfd1 bxc3 18. bxc3 cxd4 19. cxd4 Nb4 20. Qc3 Rdc8
21. Rdc1 Qc6 22. Qa3 Qb5 23. Rab1 a5 24. Qxa5 Qxa5 25. Nxa5 Nxa2 26. Rxc8+ Rxc8
27. Bd3 Nc3 28. Rc1 Nd5 29. Rxc8+ Bxc8 30. Be4 e6 31. Nc6 Kf8 32. Bc1 Ke8 33.
Kf2 Kd7 34. Na5 Bf8 35. Nc4 Bb7 36. Nb6+ Kc6 37. Nxd5 exd5 38. Bd3 Bb4 39. Kg3
Bc3 40. Be3 Kb6 41. h4 Ba6 42. Bc2 Kb5 43. Bd1 Kb4 44. h5 Bd3 45. hxg6 hxg6 46.
Kf4 Kc4 47. Ba4 Bf5 48. Be8 Be6 49. Kg5 Bxd4 50. Bf4 Bc5 51. Kf6 d4 52. Bxf7
Bxf7 53. Kxf7 d3 54. e6 Kc3 55. e7 Bxe7 56. Kxe7 d2 57. Bxd2+ Kxd2 58. Kf6 Ke3
59. g4 Kf4 60. g5 Ke4 61. Kxg6 1-0

[Event "Festival INGEM - PLZEŇ 2012"]
[Site "Plzeň (Česká republika)"]
[Date "2012.08.23"]
[Round "7.12"]
[White "Vorobyov, Yrij"]
[Black "Hercik, Josef"]
[Result "1-0"]
[WhiteElo "2254"]
[BlackElo "1935"]
[PlyCount "34"]
[EventDate "2012.08.18"]
[Source "ChessBase"]
[SourceDate "1996.11.15"]

1. Nf3 d5 2. c4 e6 3. b3 Nf6 4. g3 c6 5. Bg2 Bd6 6. Bb2 Nbd7 7. O-O e5 8. cxd5
cxd5 9. Nc3 O-O 10. Qc2 a6 11. Nh4 Nb6 12. Nf5 Be6 13. Nxd6 Qxd6 14. e3 Rac8
15. Qd3 Rfd8 16. f4 e4 17. Qd4 Qd7 1-0

[Event "Festival INGEM - PLZEŇ 2012"]
[Site "Plzeň (Česká republika)"]
[Date "2012.08.23"]
[Round "7.13"]
[White "Molnar, Ladislav"]
[Black "Sura, Jaroslav"]
[Result "1/2-1/2"]
[WhiteElo "1807"]
[BlackElo "2123"]
[PlyCount "31"]
[EventDate "2012.08.18"]
[Source "ChessBase"]
[SourceDate "1996.11.15"]

1. e4 e5 2. Nf3 Nc6 3. Bb5 a6 4. Ba4 Nf6 5. d4 exd4 6. O-O b5 7. Bb3 Be7 8. e5
Ne4 9. Bd5 Nc5 10. Nxd4 Bb7 11. Bxc6 Bxc6 12. Nxc6 dxc6 13. Nc3 Qxd1 14. Rxd1
b4 15. Ne2 Ne6 16. Be3 1/2-1/2

[Event "Festival INGEM - PLZEŇ 2012"]
[Site "Plzeň (Česká republika)"]
[Date "2012.08.23"]
[Round "7.14"]
[White "Maly, Antonin"]
[Black "Cecil, Pavel"]
[Result "0-1"]
[WhiteElo "1847"]
[BlackElo "1965"]
[PlyCount "106"]
[EventDate "2012.08.18"]
[Source "ChessBase"]
[SourceDate "1996.11.15"]

1. c4 e5 2. d3 Nf6 3. Nc3 Bb4 4. Bd2 O-O 5. e3 Re8 6. Be2 d5 7. cxd5 Bxc3 8.
Bxc3 Nxd5 9. Nf3 Nxc3 10. bxc3 b6 11. O-O Bb7 12. e4 c5 13. Qc2 Nc6 14. Rad1
Rc8 15. Nd2 Na5 16. Nb3 Nxb3 17. axb3 Qg5 18. Qd2 Qxd2 19. Rxd2 Rcd8 20. Rb2
Re7 21. f4 exf4 22. Rxf4 f6 23. Kf2 Kf7 24. b4 cxb4 25. Rxb4 Rc7 26. Rb3 Ke7
27. Ke3 Rc5 28. Ra3 a5 29. d4 Rc7 30. Rf5 Bc6 31. g4 h6 32. e5 fxe5 33. Rxe5+
Kd6 34. c4 Re8 35. Rxe8 Bxe8 36. Rb3 Re7+ 37. Kd2 Kc7 38. Bf3 Bf7 39. d5 Rd7
40. Be4 Rd6 41. Rc3 Rf6 42. c5 bxc5 43. Rxc5+ Kb6 44. Rc1 Bxd5 45. Bxd5 Rd6 46.
Ke3 Rxd5 47. Ke4 Rd7 48. h4 a4 49. g5 hxg5 50. hxg5 a3 51. Ra1 Ra7 52. Ra2 Ra5
53. g6 Kc6 0-1

[Event "Festival INGEM - PLZEŇ 2012"]
[Site "Plzeň (Česká republika)"]
[Date "2012.08.23"]
[Round "7.15"]
[White "Silhavy, Miroslav"]
[Black "Bartosek, Ivan"]
[Result "1-0"]
[WhiteElo "1781"]
[BlackElo "1941"]
[PlyCount "97"]
[EventDate "2012.08.18"]
[Source "ChessBase"]
[SourceDate "1996.11.15"]

1. e4 e5 2. Nf3 Nc6 3. Bb5 a6 4. Ba4 Nf6 5. O-O Nxe4 6. d4 b5 7. Bb3 d5 8. dxe5
Be6 9. a4 Na5 10. Ba2 b4 11. Nbd2 Nc5 12. b3 Be7 13. Nd4 O-O 14. f4 Ne4 15.
Nxe4 dxe4 16. f5 Bc8 17. Kh1 f6 18. e6 Bc5 19. Be3 g6 20. Qd2 g5 21. Rad1 h6
22. c3 Qe7 23. cxb4 Bxb4 24. Qc2 Bb7 25. Qc1 Bd5 26. Qb1 Rab8 27. Nc2 c6 28.
Rd4 Bc3 29. b4 Bxd4 30. Bxd4 Nc4 31. Qe1 Qc7 32. Bc5 Rfe8 33. Qc3 Ne5 34. Bxd5
cxd5 35. Rd1 Rbd8 36. Ne3 Nd3 37. Ng4 Nxc5 38. Nxf6+ Kf8 39. Nxe8 Kxe8 40. Qh8+
Ke7 41. Qg7+ Kd6 42. bxc5+ Qxc5 43. e7 Re8 44. Qf6+ Kc7 45. Qe5+ Qd6 46. Rc1+
Kd7 47. Qc3 Kxe7 48. Qg7+ Kd8 49. Qb7 1-0

[Event "Festival INGEM - PLZEŇ 2012"]
[Site "Plzeň (Česká republika)"]
[Date "2012.08.23"]
[Round "7.16"]
[White "Spacek, Jan"]
[Black "Saez Coma, Alejandro"]
[Result "1-0"]
[WhiteElo "1762"]
[BlackElo "1906"]
[PlyCount "100"]
[EventDate "2012.08.18"]
[Source "ChessBase"]
[SourceDate "1996.11.15"]

1. e4 Nc6 2. d4 d5 3. e5 Bf5 4. Nf3 e6 5. c3 f6 6. Bf4 Qd7 7. Bb5 a6 8. Ba4
O-O-O 9. O-O g5 10. Bg3 g4 11. Nh4 Bxb1 12. Rxb1 f5 13. f3 gxf3 14. Nxf3 Be7
15. b4 b5 16. Bc2 Nh6 17. Bf4 Nf7 18. Bd3 h5 19. a4 Na7 20. Ra1 Kb7 21. axb5
axb5 22. Ra5 Ra8 23. Qe2 c6 24. Rfa1 Bd8 25. Ra6 Bb6 26. Qa2 Qd8 27. Nd2 Re8
28. Nb3 Re7 29. Nc5+ Kb8 30. Be2 h4 31. Bh5 Bxc5 32. bxc5 Rb7 33. Bc1 Qd7 34.
Ba3 Ng5 35. Bb4 Ne4 36. Bf3 Ng5 37. Be2 Qg7 38. Bd3 Nh3+ 39. Kh1 Nf4 40. Bf1
Qd7 41. Qd2 Nh5 42. Qg5 Qe8 43. Qxh4 Rg7 44. Be2 Rh7 45. Ba5 Nc8 46. Bc7+ Kxc7
47. Rxa8 Qg6 48. R1a7+ Nxa7 49. Rxa7+ Kb8 50. Rxh7 f4 1-0

[Event "Festival INGEM - PLZEŇ 2012"]
[Site "Plzeň (Česká republika)"]
[Date "2012.08.23"]
[Round "7.17"]
[White "Heidebreck, Rainer"]
[Black "Kantor, Jozef"]
[Result "0-1"]
[WhiteElo "1761"]
[BlackElo "1884"]
[PlyCount "78"]
[EventDate "2012.08.18"]
[Source "ChessBase"]
[SourceDate "1996.11.15"]

1. e4 d6 2. d4 Nf6 3. Nc3 g6 4. Nf3 Bg7 5. Be2 O-O 6. O-O c6 7. Be3 Qc7 8. Qd2
Bg4 9. h3 Bxf3 10. Bxf3 Nbd7 11. Ne2 a6 12. c4 c5 13. Rac1 Rab8 14. Bh6 b5 15.
Bxg7 Kxg7 16. cxb5 Rxb5 17. Nc3 Rb4 18. Ne2 Qb6 19. Rc2 Rb8 20. Rb1 cxd4 21. a3
Ra4 22. Rd1 e5 23. Ng3 h6 24. h4 Nc5 25. h5 d3 26. Rxc5 Qxc5 27. hxg6 fxg6 28.
b4 Qc6 29. Qxd3 Rd8 30. Rd2 Qc1+ 31. Rd1 Qxa3 32. Qc2 Qxb4 33. Rb1 Qc4 34. Qb2
Ra2 35. Qb6 Rd7 36. Re1 a5 37. Be2 Qc5 38. Qb3 Ra3 39. Qb2 Rxg3 0-1